[Event "Nicolo La Rosa op 17th"]
[Site "Mazara del Vallo"]
[Date "2009.08.09"]
[Round "6"]
[White "Fiorella, Loreto"]
[Black "Melograni, Francesco"]
[Result "0-1"]
[WhiteElo "1583"]
[BlackElo "1824"]
[PlyCount "60"]
[EventDate "2009.08.07"]
[EventType "swiss"]
[EventRounds "6"]
[EventCountry "ITA"]
[SourceTitle "EXT 2011"]
[Source "ChessBase"]
[SourceDate "2010.11.26"]
[SourceVersion "1"]
[SourceVersionDate "2010.11.26"]
[SourceQuality "1"]

1. f4 d6 2. Nf3 Nc6 3. e3 e5 4. fxe5 dxe5 5. Bb5 Bd7 6. 0-0 Bd6 7. Nc3 Nf6 8. a3 0-0 9. b4 e4 10. Nxe4 Nxe4 11. Bd3 f5 12. Bc4+ Kh8 13. d3 Ng5 14. Bb2 Nxf3+ 15. Qxf3 Qh4 16. g3 Qh3 17. Bd5 Ne5 18. Bxe5 Bxe5 19. d4 c6 20. Bc4 Bd6 21. Rf2 Rae8 22. Bf1 Qh6 23. Re1 f4 24. gxf4 Rxf4 25. exf4 Rxe1 26. f5 Qg5+ 27. Kh1 Re3 28. f6 Rxf3 29. Rxf3 Bf5 30. Bg2 gxf6 0-1